000 00488nam a2200169Ia 4500
003 LK-CoDNM
008 010623t xxu||||| |||| 00| 1 sin d
040 _aLK-CoDNM
_dLK-CoDNM
_eLK-CoDNM
041 _asin
080 _a294.3 GUN
100 _aGunananda Thero,Mavathagama.
_eed.
245 _aපුජා වන්දනා හා සෙත් පිරිත්
246 _aPuja Vandana Ha Seth Pirit
260 _bBandula Silva
_aAmbalangoda
300 _b94p., 21 cm
942 _cBK
999 _c139346
_d139346